000 00576nam a22001817a 4500
005 20231109054409.0
008 231109b |||||||| |||| 00| 0 eng d
020 _a9780702133268
041 _aEnglish
082 _a346.2 SOU
100 _aVan der Merwe JG et al.
_lEnglish
245 _aSouth African Corporate Business Administration /
_cJG Van der Merwe et al.
250 _aFirst Edition
260 _aCape Town :
_bJuta and Company (Pty) Ltd,
_c1995
300 _bvii,
_c27 cm.
650 _aLegal practice
_bLaw
942 _cBK
_6ALISON_BN_VRIES
999 _c449
_d449